[Event "Hoogovens-B"]
[Site "Wijk aan Zee"]
[Date "1994.??.??"]
[Round "4"]
[White "Hansen, Lars Bo"]
[Black "Cifuentes Parada, Roberto"]
[Result "1-0"]
[WhiteElo "2545"]
[BlackElo "2500"]

1.d4 d5 2.Nf3 Nf6 3.c4 e6 4.Nc3 Be7 5.Bf4 O-O 6.e3 c5 7.dxc5 Bxc5 8.Qc2 Nc6
9.a3 Qa5 10.Nd2 Be7 11.Bg3 Bd7 12.Be2 Rac8 13.O-O Qd8 14.cxd5 exd5 15.Nf3 a6
16.Rfd1 Qb6 17.Rac1 h6 18.Qb1 Be6 19.b4 Qa7 20.Ne5 Rfd8 21.Bf3 a5 22.Nxc6 bxc6
23.Be5 axb4 24.axb4 Nd7 25.Bg3 Nb6 26.Ne2 Qa4 27.b5 c5 28.Nf4 Bd7 29.Bxd5 Qxb5
30.Bxf7+ Kxf7 31.Qg6+ Kg8 32.Nh5 Qb2 33.Rb1 Be8 34.Rxd8 Rxd8 35.Qxe8+ Rxe8
36.Rxb2 Nc4 37.Rb8 Rxb8 38.Bxb8 Kf7 39.Kf1 Na3 40.Ke2 c4 41.Be5 g5 42.g4 Nb5
43.h3 Bf8 44.Ng3 Ke6 45.Bh8 Kd5 46.Nf5 Kc5 47.h4 gxh4 48.Nxh4 Kb4 49.Nf3 c3
50.Kd3 Kb3 51.Ne1 Bb4 52.Nc2 Ba5 53.Be5 Kb2 54.f4 Nc7 55.f5 Na6 56.Bd6 Bb6
57.e4 Bc5 58.Be5 Nb4+ 59.Nxb4 Bxb4 60.Kc4  1-0

[Event "London SCCU op"]
[Site "London"]
[Date "1995.08.??"]
[Round "4"]
[White "McMahon, Daire"]
[Black "Tuddenham, David"]
[Result "1-0"]
[WhiteElo "2240"]
[BlackElo "1992"]

1.d4 Nf6 2.c4 e6 3.Nf3 Bb4+ 4.Bd2 Be7 5.Nc3 d5 6.Bf4 O-O 7.e3 c6 8.Qc2 Nbd7
9.a3 a5 10.cxd5 exd5 11.Bd3 Re8 12.Nb5 Nf8 13.Nc7 Bg4 14.Nxe8 Qxe8 15.Ne5 Bh5
16.O-O Ne6 17.Bg3 Ng5 18.f3 Rd8 19.Rae1 Ne6 20.Bf2 c5 21.Qd2 c4 22.Bb1 Ra8
23.e4 b5 24.g4 Bg6 25.Nxg6 hxg6 26.e5 Nd7 27.f4 b4 28.f5 Ng5 29.Bg3 Qc8 30.fxg6 fxg6
31.Bxg6 c3 32.bxc3 bxc3 33.Qe3 Ne6 34.Bf4  1-0

[Event "Aalborg op"]
[Site "Aalborg"]
[Date "1995.??.??"]
[Round "3"]
[White "Pedersen, Borge"]
[Black "Christiansen, Arne"]
[Result "1/2-1/2"]
[WhiteElo "2170"]
[BlackElo "2250"]

1.d4 Nf6 2.c4 e6 3.Nc3 d5 4.Nf3 Be7 5.Bf4 O-O 6.e3 b6 7.Rc1 c6 8.h3 Bb7 9.Bd3 Nbd7
10.cxd5 exd5 11.O-O Re8 12.Ne5 Bf8 13.Qe2 Nxe5 14.Bxe5 Nd7 15.Bh2 Nf6 16.Qf3 Bd6  1/2-1/2

[Event "Donner mem"]
[Site "Amsterdam"]
[Date "1995.??.??"]
[Round "10"]
[White "Piket, Jeroen"]
[Black "Timman, Jan H"]
[Result "1-0"]
[WhiteElo "2625"]
[BlackElo "2590"]

1.d4 Nf6 2.c4 e6 3.Nf3 d5 4.Nc3 Be7 5.Bf4 O-O 6.e3 c5 7.dxc5 Bxc5 8.a3 Nc6
9.Qc2 Qa5 10.O-O-O Bd7 11.cxd5 Nxd5 12.Ng5 g6 13.Nge4 Be7 14.Bc4 Nxf4 15.Rxd7 Nxg2
16.Bb5 Bd8 17.Rxb7 Rc8 18.Nd6 Nb4 19.axb4 Qa1+ 20.Qb1 Rxc3+ 21.bxc3 Qxc3+
22.Kd1 Qe5 23.Rd7 Be7 24.Qe4 Bxd6 25.Qxe5 Bxe5 26.Bc6 Nh4 27.Rxa7 Rd8+ 28.Kc2 Kg7
29.b5 Nf5 30.Rd1 Rc8 31.Rdd7 Nd6 32.Kb3 g5 33.h3 Kg6 34.Ka4 Rf8 35.Ra8 Rxa8+
36.Bxa8 Nc4 37.Rd8 f5 38.Kb4 Nb6 39.Bc6 h6 40.Rd1 g4 41.Be8+ Kg5 42.hxg4 fxg4
43.Rh1 Nd5+ 44.Kc4 Nf6 45.Bc6 h5 46.b6 h4 47.b7 h3 48.Rxh3  1-0

[Event "Antwerp op"]
[Site "Antwerp"]
[Date "1995.??.??"]
[Round "5"]
[White "Delemarre, Jop"]
[Black "Van der Sterren, Paul"]
[Result "1/2-1/2"]
[WhiteElo "2320"]
[BlackElo "2545"]

1.d4 Nf6 2.c4 e6 3.Nf3 d5 4.Nc3 Be7 5.Bf4 O-O 6.e3 c5 7.dxc5 Bxc5 8.Qc2 Nc6
9.a3 Qa5 10.O-O-O Bd7 11.Kb1 Rfc8 12.cxd5 Ne7 13.Ne5 Nexd5 14.Nxd7 Nxd7 15.Nxd5 exd5
16.Qb3 a6 17.Be2 Nb6 18.Rd3 Be7 19.Be5 Rc6 20.Bf3 Bf6 21.Bxf6 Rxf6 22.Rhd1 g6
23.Qc3  1/2-1/2

[Event "Antwerp op"]
[Site "Antwerp"]
[Date "1995.??.??"]
[Round "6"]
[White "Van Wely, Loek"]
[Black "Ravia, Mosi"]
[Result "1-0"]
[WhiteElo "2585"]
[BlackElo "2330"]

1.d4 Nf6 2.c4 e6 3.Nf3 d5 4.Nc3 Be7 5.Bf4 O-O 6.e3 c6 7.Qc2 Nbd7 8.h3 Re8
9.Rd1 Bf8 10.c5 b6 11.b4 a5 12.a3 axb4 13.axb4 bxc5 14.bxc5 Qa5 15.Qd2 Ba6
16.g4 Bxf1 17.Kxf1 Ne4 18.Nxe4 dxe4 19.Qxa5 Rxa5 20.Nd2 f6 21.Bg3 e5 22.Nc4 Ra4
23.Rc1 Rb8 24.dxe5 Rbb4 25.Nb6 Nxb6 26.cxb6 Rxb6 27.Kg2 c5 28.Rhd1 Ra8 29.Rd7 Re8
30.exf6 Rxf6 31.h4 Rc6 32.Rc4 Rce6 33.Ra7 Rc6 34.Bf4 h6 35.h5 Rb6 36.Rc7 Ra6
37.Rb7 Rc6 38.Bb8 Rce6 39.Ba7 Rc8 40.Bb6 Ra8 41.Bxc5 Rc8 42.Bxf8 Rxc4 43.Bxg7 Rc2
44.Bd4 Ra6 45.Rb8+ Kf7 46.Rb5 Kg8 47.Rf5 Ra8 48.Rf6 Rf8 49.Rg6+ Kf7 50.Rxh6 Ke7
51.Kg3 Rfxf2 52.Ra6 Kf7 53.h6 Rf3+ 54.Kh4 Rh2+ 55.Kg5 Rfh3 56.Be5 Rh1 57.Bf4 Rb1
58.Rf6+ Kg8 59.Kg6 Rb7 60.Re6  1-0

[Event "Asti op"]
[Site "Asti"]
[Date "1995.??.??"]
[Round "5"]
[White "Efimov, Igor"]
[Black "Dutreeuw, Marc"]
[Result "1-0"]
[WhiteElo "2450"]
[BlackElo "2370"]

1.d4 d5 2.Nf3 Nf6 3.c4 e6 4.Nc3 Be7 5.Bf4 O-O 6.e3 c5 7.dxc5 Bxc5 8.Be2 Nc6
9.a3 dxc4 10.Bxc4 a6 11.Qc2 Be7 12.Rd1 Qa5 13.O-O Bd7 14.Ng5 Rfd8 15.Nd5 exd5
16.Rxd5 Qb6 17.Rxd7 Rxd7 18.Bxf7+ Kf8 19.Ba2 g6 20.Nxh7+ Kg7 21.Bb1 Kxh7
22.Qxg6+ Kh8 23.Qh6+ Kg8 24.Ba2+ Nd5 25.Qg6+ Kh8 26.Qh5+ Kg8 27.Qg4+ Kh8
28.Qh5+ Kg8 29.e4 Qxb2 30.exd5 Qxa2 31.dxc6 Rd5 32.Qg6+ Kh8 33.cxb7 Rad8
34.Qh6+ Kg8 35.Qe6+ Kh8 36.b8=Q Rxb8 37.Bxb8  1-0

[Event "AUT-chT9495"]
[Site "?"]
[Date "1995.??.??"]
[Round "?"]
[White "Loebler, Heimo"]
[Black "Singer, Christoph"]
[Result "0-1"]
[WhiteElo "2245"]
[BlackElo "2230"]

1.d4 d5 2.c4 e6 3.Nc3 Be7 4.Nf3 Nf6 5.Bf4 O-O 6.e3 Nbd7 7.a3 dxc4 8.Bxc4 a6
9.Qc2 c5 10.dxc5 Bxc5 11.b4 Be7 12.O-O b5 13.Bd3 Bb7 14.e4 Rc8 15.Rac1 Nb6
16.Rfd1 Na4 17.Bd2 Rc7 18.Qb1 Nxc3 19.Bxc3 Qa8 20.Bxf6 Rxc1 21.Rxc1 gxf6
22.Nd4 Rd8 23.Nb3 f5 24.f3 fxe4 25.Bxe4 Bxe4 26.fxe4 Qb8 27.Rd1 Qa7+ 28.Kf1 Qe3
29.Rxd8+ Bxd8 30.Qd1 Bb6 31.Qf3 Qg1+ 32.Ke2 Qxh2 33.Nc5 Bxc5 34.bxc5 Qe5
35.c6 Qb2+ 36.Ke1 Qc1+ 37.Qd1 Qxc6 38.Qd8+ Kg7 39.Qg5+ Kf8 40.Qd8+ Qe8 41.Qd6+ Qe7
42.Qxa6 Qh4+ 43.Kf1 Qf4+ 44.Kg1 Qe5 45.Kf2 Kg7 46.Qa5 h6 47.Kf3 Qc5 48.g4 Kg6
49.a4 Qa3+  0-1

[Event "Wch Seniors"]
[Site "Bad Liebenzell"]
[Date "1995.??.??"]
[Round "7"]
[White "Arkhangelsky, Boris"]
[Black "Unzicker, Wolfgang"]
[Result "0-1"]
[WhiteElo "2375"]
[BlackElo "2440"]

1.d4 Nf6 2.c4 e6 3.Nf3 d5 4.Nc3 Be7 5.Bf4 O-O 6.e3 c5 7.dxc5 Bxc5 8.Qc2 Nc6
9.a3 Be7 10.O-O-O Qa5 11.h4 a6 12.Ng5 Rd8 13.Kb1 h6 14.f3 d4 15.exd4 Nxd4
16.Rxd4 Rxd4 17.Be3 Rd8 18.g4 Bd7 19.Nxf7 Kxf7 20.g5 Bc6 21.gxf6 Bxf6 22.Rg1 Qf5
23.Ne4 Bxe4 24.fxe4 Qe5 25.Be2 Rac8 26.Rf1 Kg8 27.Bf4 Qd4 28.Bg4 Re8 29.Be2 Be5
30.Rd1 Qc5 31.Bd2 Rcd8 32.Rc1 Qc7 33.Rg1 Bxb2 34.Bxh6 Be5 35.c5 Bd4 36.Rg2 Rd7
37.Bc4 Kh8 38.Bg5 Qxc5 39.Qb3 Rf7 40.h5 b5 41.Bd3 Ref8 42.Bc1 Qc3 43.Qxc3 Bxc3
44.h6 gxh6 45.Bxh6 Rf2  0-1

[Event "Bad Woerishofen op"]
[Site "Bad Woerishofen"]
[Date "1995.??.??"]
[Round "5"]
[White "Meduna, Eduard"]
[Black "Brameyer, Hermann"]
[Result "1-0"]
[WhiteElo "2480"]
[BlackElo "2290"]

1.d4 Nf6 2.c4 e6 3.Nf3 d5 4.Nc3 Be7 5.Bf4 c5 6.e3 cxd4 7.exd4 dxc4 8.Bxc4 O-O
9.O-O Nbd7 10.Re1 Nb6 11.Bb3 Nbd5 12.Bg5 b6 13.Nxd5 exd5 14.Ne5 Bb7 15.Ba4 b5
16.Bxb5 Qb6 17.Ba4 Bb4 18.Bxf6 Bxe1 19.Nd7 Qxb2 20.Qxe1 gxf6 21.Nxf6+ Kg7
22.Nh5+ Kg8 23.Qd1 Bc8 24.Rb1 Qxa2 25.Bc2 Qa6 26.Qf3 Qh6 27.Nf6+ Kh8 28.Nxd5 Be6
29.Ne3 Rac8 30.h3 Rc7 31.Rb5 Rxc2 32.Nxc2 Qc1+ 33.Kh2 Qxc2 34.Qf6+ Kg8 35.Rg5+ Qg6
36.f4 Bc4 37.h4 Be2 38.f5 Qxg5 39.Qxg5+ Kh8 40.Qe7  1-0

[Event "Baku Cup"]
[Site "Baku"]
[Date "1995.??.??"]
[Round "?"]
[White "Kacheishvili, Giorgi"]
[Black "Shur, Mikhail"]
[Result "1/2-1/2"]
[WhiteElo "2440"]
[BlackElo "2370"]

1.d4 e6 2.Nf3 d5 3.c4 Nf6 4.Nc3 Be7 5.Bf4 O-O 6.e3 Nbd7 7.cxd5 exd5 8.Bd3 c6
9.h3 Re8 10.O-O Nf8 11.Rb1 Ng6 12.Bh2 Bd6 13.Bxd6 Qxd6 14.Qc2 Qe7 15.b4 a6
16.a4 Ne4 17.b5 axb5 18.axb5 Bf5 19.bxc6 bxc6 20.Bxe4 dxe4 21.Nd2 Rac8 22.Rfc1 c5
23.d5 h5 24.Qd1 Qg5 25.Kh2 Qh4 26.Nc4 Rcd8 27.Qe1 Qg5 28.g3 Bc8 29.Ra1 h4
30.Qh1 Qf5 31.Qg2 Ne5 32.Nxe5 Qxe5 33.Ra4 Bf5 34.Kg1 hxg3 35.fxg3 Rb8 36.Rc4 Qd6
37.g4 Bg6 38.Qf2 Qe7 39.Ne2 Rb2 40.Rxc5 Qa7 41.Kf1 Qa6 42.R1c4  1/2-1/2

[Event "Regionalliga SW9596"]
[Site "Bayern"]
[Date "1995.??.??"]
[Round "?"]
[White "Silberhorn, Helmut"]
[Black "Rinkewitz, Werner"]
[Result "1/2-1/2"]
[WhiteElo "1995"]
[BlackElo "1885"]

1.d4 Nf6 2.c4 e6 3.Nf3 d5 4.Nc3 Be7 5.Bf4 O-O 6.e3 c5 7.Rc1 cxd4 8.Nxd4 a6
9.Bd3 Qa5 10.cxd5 Nxd5 11.Nb3 Qd8 12.Nxd5 Qxd5 13.Qc2 Bb4+ 14.Ke2 Qh5+ 15.f3 Nc6
16.g4 Qh4 17.Bg3 Qh3 18.Kf2 e5 19.a3 Be7 20.Nd2 Be6 21.Ne4 f5 22.Bf1 Qh6
23.gxf5 Bxf5 24.Bd3 Kh8 25.Qc3 Bg4 26.Be2 Qh5 27.Nd2 e4 28.Rhd1 Bxf3 29.Nxf3 exf3
30.Bc4 Qh3 31.Bf1 Qh5 32.Rd7 Qg6 33.Rxb7 Rac8 34.Bh3 Rcd8 35.Rb6 Rd3 36.Qe1 Rfd8
37.Rbxc6 Rd2+ 38.Kf1 Qd3+ 39.Kg1 Re2 40.Qf1 Qxe3+ 41.Kh1 h5 42.R6c3 Rd3 43.Rxd3 Qxd3
44.Rc3 Qd2 45.Rxf3 h4 46.Bf2 Bc5 47.Bxc5 Re1 48.Rf8+ Kh7 49.Bf5+ g6 50.Rf7+ Kh6
51.Bf8+ Kg5 52.Be7+ Kh6 53.Bf8+  1/2-1/2

[Event "Regionalliga SW9495"]
[Site "Bayern"]
[Date "1995.??.??"]
[Round "7"]
[White "Schimpf, Markus"]
[Black "Erlbeck, Rudolf"]
[Result "1-0"]
[WhiteElo "1835"]
[BlackElo "1775"]

1.d4 d5 2.c4 e6 3.Nf3 Nf6 4.Nc3 Be7 5.Bf4 a6 6.e3 O-O 7.Qc2 Nbd7 8.Rd1 c6
9.Bd3 Re8 10.O-O Nf8 11.c5 b5 12.cxb6 Qxb6 13.Na4 Qa5 14.a3 Bd7 15.b4 Qd8
16.Ne5 a5 17.Nc5 Bxc5 18.bxc5 h6 19.h3 Qe7 20.Rb1 Rec8 21.Rb6 Nh5 22.Bh2 Be8
23.Qa4 Nf6 24.Nxc6 Rxc6 25.Rxc6 Ne4 26.Rc1 Qb7 27.Bb5 Bxc6 28.Bxc6 Qb2 29.Qc2 Qxc2
30.Rxc2 Rc8 31.Bb7 Re8 32.c6  1-0

[Event "Lee Cup"]
[Site "Beijing"]
[Date "1995.??.??"]
[Round "3"]
[White "Ye Rongguang"]
[Black "Li Zunian"]
[Result "1-0"]
[WhiteElo "2505"]
[BlackElo "2400"]

1.Nf3 d5 2.d4 e6 3.c4 Nf6 4.Nc3 Be7 5.Bf4 c6 6.e3 Nh5 7.Be5 Nd7 8.h3 Nxe5
9.dxe5 g6 10.Qc2 Qa5 11.Be2 Bd7 12.O-O b5 13.cxb5 cxb5 14.a3 Ng7 15.Qd2 b4
16.Na2 O-O 17.Nxb4 Rfb8 18.Nd3 Qxd2 19.Nxd2 Bb5 20.Rab1 a5 21.Nf3 f6 22.Rfc1 fxe5
23.Nfxe5 Bf6 24.Ng4 Be7 25.Nf4 Bxe2 26.Nxe2 Rb7 27.Nd4 h5 28.Ne5 Kh7 29.Nd3 a4
30.g4 hxg4 31.hxg4 g5 32.Kg2 Bd6 33.Rc6 Rd8 34.Ra6 Kg8 35.Rc1 e5 36.Nc6 Re8
37.Rxa4 d4 38.Ra6 Rb3 39.Na5 Rxd3 40.Rxd6 Rf8 41.Nc4 Rb3 42.exd4 exd4 43.Rd1 Re8
44.Rg6 d3 45.Ne3 Kf7 46.Rxg5 Ne6 47.Rf5+ Kg6 48.Nd5 Rd8 49.Re1 Nf8 50.Re7  1-0

[Event "Lee Cup"]
[Site "Beijing"]
[Date "1995.??.??"]
[Round "3"]
[White "Alterman, Boris"]
[Black "Liang Jinrong"]
[Result "1-0"]
[WhiteElo "2595"]
[BlackElo "2450"]

1.d4 Nf6 2.c4 e6 3.Nc3 d5 4.Nf3 Be7 5.Bf4 O-O 6.e3 c5 7.dxc5 Bxc5 8.a3 Nc6
9.Qc2 Qa5 10.O-O-O Bd7 11.Nd2 Ne7 12.Bg5 Rfc8 13.Bxf6 gxf6 14.Nde4 dxe4 15.Rxd7 f5
16.Be2 Rc7 17.Rhd1 Ng6 18.Qa4 Qb6 19.b4 Rxd7 20.Rxd7 Bf8 21.c5 Qc6 22.Qxc6 bxc6
23.Rc7 Ne5 24.Ba6 Bg7 25.Kc2 Bf6 26.a4 Bd8 27.Rb7 Kf8 28.Ne2 Bh4 29.g3 Be7
30.Nd4 Ke8 31.b5 Bxc5 32.bxc6 Bxd4 33.c7 Kd7 34.exd4 Nc6 35.c8=Q+ Kxc8 36.Rxf7+ Kd8
37.Rf8+  1-0

[Event "Lee Cup"]
[Site "Beijing"]
[Date "1995.??.??"]
[Round "10"]
[White "Ye Rongguang"]
[Black "Boensch, Uwe"]
[Result "0-1"]
[WhiteElo "2505"]
[BlackElo "2560"]

1.d4 d5 2.Nf3 Nf6 3.c4 e6 4.Nc3 Be7 5.Bf4 c5 6.dxc5 Bxc5 7.a3 Nc6 8.b4 Be7
9.e3 Ne4 10.Nxe4 dxe4 11.Qxd8+ Bxd8 12.Nd2 f5 13.Bd6 Be7 14.Bxe7 Kxe7 15.f3 exf3
16.Nxf3 e5 17.O-O-O Be6 18.c5 e4 19.Nd4 Nxd4 20.Rxd4 a5 21.Kb2 Rhd8 22.Kc3 axb4+
23.Kxb4 Rxd4+ 24.exd4 f4 25.Bc4 Bxc4 26.Kxc4 Rxa3 27.Rb1 e3 28.Rxb7+ Kf6
29.Rb2 g5 30.c6 Ra8 31.Kd5 Kf5 32.c7 Rc8 33.Kc6 Rxc7+ 34.Kxc7 Ke4 35.Kd6 g4
36.Kc5 f3 37.Rb8 f2 38.Rf8 e2 39.Rxf2 e1=Q 40.Rc2 Qa5+ 41.Kc4 Qa4+  0-1

[Event "Bern op"]
[Site "Bern"]
[Date "1995.??.??"]
[Round "5"]
[White "Mikhalchishin, Adrian"]
[Black "Zumtobel, Thomas"]
[Result "1-0"]
[WhiteElo "2500"]
[BlackElo "2105"]

1.d4 d5 2.c4 e6 3.Nc3 Be7 4.Nf3 Nf6 5.Bf4 O-O 6.e3 b6 7.cxd5 exd5 8.Bd3 c5
9.Ne5 Be6 10.O-O Qc8 11.Rc1 Qb7 12.Qf3 Rd8 13.Rfd1 Na6 14.Bxa6 Qxa6 15.Nc6 Bg4
16.Nxe7+ Kf8 17.Qg3 Bxd1 18.Bd6 Ne8 19.Nf5+ Rxd6 20.Nxd6 Bh5 21.Nxe8 Rxe8
22.Qd6+ Kg8 23.dxc5 Qc4 24.cxb6  1-0

[Event "Bern op"]
[Site "Bern"]
[Date "1995.??.??"]
[Round "8"]
[White "Gurevich, Dmitry"]
[Black "Begovac, Franja"]
[Result "1-0"]
[WhiteElo "2530"]
[BlackElo "2425"]

1.d4 d5 2.c4 e6 3.Nc3 Be7 4.Nf3 Nf6 5.Bf4 c5 6.dxc5 Na6 7.e3 Nxc5 8.Be2 O-O
9.cxd5 Nxd5 10.Nxd5 exd5 11.Be5 Be6 12.O-O Rc8 13.Rc1 Qd7 14.Nd4 a6 15.Nxe6 fxe6
16.Qd4 Ne4 17.Bf3 Rxc1 18.Rxc1 Rc8 19.Rd1 Ng5 20.Bg4 Rc6 21.h4 Nf7 22.Bg3 Bf6
23.Qd2 Ne5 24.Bxe5 Bxe5 25.e4 Bf6 26.Bf3 Rd6 27.exd5 exd5 28.Qf4 Kh8 29.Re1 g6
30.Bxd5 Bxb2 31.Qf8+  1-0

[Event "Bern op"]
[Site "Bern"]
[Date "1995.??.??"]
[Round "9"]
[White "Mikhalchishin, Adrian"]
[Black "Lyrberg, Patrik"]
[Result "1-0"]
[WhiteElo "2500"]
[BlackElo "2415"]

1.d4 Nf6 2.c4 e6 3.Nf3 d5 4.Nc3 Be7 5.Bf4 O-O 6.e3 c6 7.Qc2 Nbd7 8.Bd3 dxc4
9.Bxc4 b5 10.Bd3 Bb7 11.O-O h6 12.Rfd1 a6 13.a4 Rc8 14.Qe2 Nb6 15.e4 Re8
16.h3 Bb4 17.Na2 Bf8 18.a5 Nbd7 19.b4 g6 20.Rab1 Nh5 21.Bh2 f5 22.Nc3 Nhf6
23.Ne5 Nxe5 24.dxe5 fxe4 25.Nxe4 Nxe4 26.Bxe4 Qe7 27.Bxg6 Red8 28.Qg4 Kh8
29.Bg3 Rd5 30.Bh4 Qc7 31.Be4 c5 32.Bf6+ Bg7 33.Qxe6 Rxd1+ 34.Rxd1 Bxe4 35.Bxg7+ Kxg7
36.Rd7+ Kh8 37.Qf6+  1-0

[Event "Bonn GSK-2"]
[Site "Bonn"]
[Date "1995.??.??"]
[Round "5"]
[White "Seul, Georg"]
[Black "Meijers, Viesturs"]
[Result "1-0"]
[WhiteElo "2430"]
[BlackElo "2385"]

1.d4 d5 2.c4 e6 3.Nc3 Nf6 4.Nf3 Be7 5.Bf4 O-O 6.e3 b6 7.cxd5 exd5 8.Bd3 Bb7
9.Ne5 a6 10.O-O Nbd7 11.Qf3 Re8 12.Rad1 Nf8 13.g4 Bd6 14.g5 Bxe5 15.dxe5 N6d7
16.Bc2 c6 17.Qg3 Qe7 18.e4 Ng6 19.Bc1 Ndxe5 20.exd5 Rad8 21.Be4 Qc5 22.Be3 Qa5
23.Bg2 cxd5 24.Rd4 Bc6 25.b4  1-0

[Event "Budapest FS08 GM"]
[Site "Budapest"]
[Date "1995.??.??"]
[Round "7"]
[White "Kallai, Gabor"]
[Black "Borocz, Istvan"]
[Result "1/2-1/2"]
[WhiteElo "2490"]
[BlackElo "2410"]

1.d4 Nf6 2.c4 e6 3.Nf3 d5 4.Nc3 Be7 5.Bf4 O-O 6.e3 c5 7.dxc5 Bxc5 8.a3 Nc6
9.Qc2 Qa5 10.O-O-O Bd7 11.Kb1 Be7 12.g4 e5 13.g5 Bg4 14.Be2 Ne4 15.Nxe4 dxe4
16.Nxe5 Bxe2 17.Qxe2 Rfd8 18.Nxc6 bxc6 19.h4 Qf5 20.Rxd8+ Rxd8 21.Rd1 Rd3
22.Ka2 Rxd1 23.Qxd1 f6 24.Qd4 fxg5 25.Bxg5 Bxg5 26.hxg5 Qxg5 27.Qxe4 h5 28.Qxc6 Qf5
29.Kb3 h4 30.c5 Qxf2 31.Qe4 h3 32.c6 Qf7+ 33.Qc4 h2 34.Qxf7+ Kxf7 35.c7 h1=Q
36.c8=Q Qd1+ 37.Qc2 Qd7 38.Qc4+ Kg6 39.Kc3 Kh5 40.Qe2+ Kg5 41.Qg2+ Kh5 42.Qf3+ Kh4
43.e4 g5 44.Qf6 Qc7+ 45.Kd3 Qg3+ 46.Kd4 Qb3 47.Qf2+ Kh3 48.Qf1+ Kh4 49.Qe1+ Kh5
50.Qe2+ Kh4 51.e5 g4 52.e6 Qb6+ 53.Kc3 Qc5+ 54.Kd2 Qg5+ 55.Qe3 Qd5+ 56.Ke1 Qh1+
57.Ke2 Qh2+ 58.Ke1 g3 59.e7 g2 60.Qh6+ Kg3 61.Qg5+ Kf3 62.Qd5+ Kg4 63.Qd4+ Kf3
64.Qd3+ Kg4 65.Qg6+ Kf3 66.Qf5+ Kg3 67.Qe5+ Kh3 68.Qxh2+ Kxh2 69.e8=Q g1=Q+
70.Ke2 Qg2+ 71.Kd3 Qxb2 72.Qh5+ Kg1 73.Qc5+ Qf2 74.Qg5+ Kf1 75.a4 Qb6 76.Qd5 Kf2
77.a5 Qc7 78.Kd4 Kg3 79.Qf5 Kh4 80.Qc5 Qd7+ 81.Ke5 Kg5 82.Qc2 Qf5+ 83.Kd6 Qxa5
84.Qc5+  1/2-1/2

[Event "Buenos Aires Najdorf"]
[Site "Buenos Aires"]
[Date "1995.??.??"]
[Round "7"]
[White "Van Wely, Loek"]
[Black "San Segundo, Pablo"]
[Result "1/2-1/2"]
[WhiteElo "2585"]
[BlackElo "2520"]

1.d4 d5 2.c4 e6 3.Nc3 Be7 4.Nf3 Nf6 5.Bf4 O-O 6.e3 c5 7.dxc5 Bxc5 8.a3 Nc6
9.Qc2 Qa5 10.Nd2 Be7 11.Bg3 Bd7 12.Be2 Qb6 13.cxd5 exd5 14.O-O Rac8 15.Rfd1 Be6
16.Nb3 a6 17.Rac1 Ne4 18.Nxd5 Bxd5 19.Rxd5 Nd4 20.Nxd4 Rxc2 21.Rxc2 Nxg3
22.hxg3 Bf6 23.Bf3 g6 24.g4 h6 25.g3 Kg7 26.Rd7 Bxd4 27.Rxd4 Qb3 28.Rcd2 a5
29.Rd7 b6 30.Rc7 Qb5 31.Bd5 h5 32.gxh5 gxh5 33.b3 Qe8 34.Rd4 Qe5 35.Rb7 Rd8
36.Rxf7+ Kg6 37.Bc4 Rxd4 38.exd4 Qxd4 39.a4 h4 40.Rf4 Qd1+ 41.Kg2 hxg3 42.Kxg3 Kg5
43.Re4 Qg1+  1/2-1/2

[Event "Catania op"]
[Site "Catania"]
[Date "1995.??.??"]
[Round "3"]
[White "Vescovi, Giovanni"]
[Black "Arlandi, Ennio"]
[Result "0-1"]
[WhiteElo "2465"]
[BlackElo "2455"]

1.d4 d5 2.Nf3 e6 3.c4 Nf6 4.Nc3 Be7 5.Bf4 O-O 6.e3 c5 7.dxc5 Bxc5 8.Qc2 Nc6
9.a3 Qa5 10.O-O-O Be7 11.Nb5 Bd7 12.Bc7 b6 13.Nd6 Bxd6 14.Bxd6 Rfc8 15.Nd2 b5
16.c5 b4 17.Nb3 Qd8 18.Ba6 bxa3 19.bxa3 Ne4 20.Bxc8 Rxc8 21.Bg3 Na5 22.Rd4 Nxb3+
23.Qxb3 Nxc5 24.Qa2 Nb3+ 25.Kb1 Nxd4 26.exd4 Qa5 27.Qb2 Rc6 28.Ka1 Rb6 29.Qc1 Qa4  0-1

[Event "Celle Ligure op"]
[Site "Celle Ligure"]
[Date "1995.??.??"]
[Round "?"]
[White "Ortega, Lexy"]
[Black "Leoncini, Mario"]
[Result "1-0"]
[WhiteElo "2435"]
[BlackElo "2055"]

1.d4 d5 2.c4 e6 3.Nf3 Nf6 4.Nc3 Be7 5.Bf4 O-O 6.e3 c5 7.dxc5 dxc4 8.Bd6 Na6
9.Bxe7 Qxe7 10.Qd6 Re8 11.O-O-O Nxc5 12.Qxe7 Rxe7 13.Rd8+ Re8 14.Rxe8+ Nxe8
15.Bxc4 Kf8 16.Rd1 Ke7 17.b4 Nd7 18.Kb2 b6 19.Bb5 Nb8 20.Bxe8 Kxe8 21.Nb5 Na6
22.Nd6+ Kf8 23.Kb3 f6 24.Nxc8 Rxc8 25.Nd4 Ke7 26.Nb5 Ra8 27.e4 e5 28.Rd3 Ke8
29.h4 Ke7 30.h5 h6 31.a3 Ke6 32.Rg3 Rg8 33.Nxa7 Nc7 34.Kc4 Kf7 35.Nb5 Ne8
36.Kd5  1-0

[Event "Ceske Budejovice op"]
[Site "Ceske Budejovice"]
[Date "1995.??.??"]
[Round "7"]
[White "Zhidkov, Valery S"]
[Black "Faibisovich, Vadim Z"]
[Result "1/2-1/2"]
[WhiteElo "2325"]
[BlackElo "2455"]

1.Nf3 d5 2.d4 e6 3.c4 Nf6 4.Nc3 Be7 5.Bf4 O-O 6.e3 Nbd7 7.Rc1 c5 8.dxc5 Nxc5
9.Be2 dxc4 10.Bxc4 Qxd1+ 11.Rxd1 b6 12.Ke2 Bb7 13.Bd6 Bxd6 14.Rxd6 Rfd8 15.Rhd1 Rxd6
16.Rxd6 Kf8 17.Rd4  1/2-1/2

[Event "Ceske Budejovice op"]
[Site "Ceske Budejovice"]
[Date "1995.??.??"]
[Round "7"]
[White "Tolstikh, Nikolay"]
[Black "Jaworski, Miroslaw"]
[Result "1/2-1/2"]
[WhiteElo "2405"]
[BlackElo "2360"]

1.Nf3 d5 2.d4 Nf6 3.c4 e6 4.Nc3 Be7 5.Bf4 O-O 6.e3 c5 7.dxc5 Bxc5 8.Qc2 Nc6
9.Rd1 Qa5 10.a3 Be7 11.Nd2 e5 12.Bg5 d4 13.Nb3 Qb6 14.Bxf6 Bxf6 15.Nd5 Qd8
16.Bd3 h6 17.Nxf6+ Qxf6 18.exd4 exd4 19.O-O Be6 20.f4 Rad8 21.Nc5 Qe7 22.Nxe6 Qxe6
23.Rde1 Qf6 24.Re4 Rfe8 25.Qe2 Rxe4 26.Qxe4 g6 27.Re1 Kg7 28.Qf3 a5 29.g3 Rd7
30.Kg2 Re7 31.Rxe7 Qxe7 32.Qe2 Qf6 33.Qe8 g5 34.Qe4 gxf4 35.gxf4 Kf8 36.Qf5 Qh4
37.h3 Qe1 38.Qc8+ Kg7 39.Qg4+ Kf8 40.Qe2 Qc1 41.Kg3 Qg1+ 42.Qg2 Qe3+ 43.Qf3 Qg1+
44.Qg2 Qe3+ 45.Qf3  1/2-1/2

[Event "Sommerskak"]
[Site "Copenhagen"]
[Date "1995.??.??"]
[Round "3"]
[White "Schandorff, Lars"]
[Black "Olesen, Martin"]
[Result "1-0"]
[WhiteElo "2490"]
[BlackElo "2355"]

1.d4 d5 2.c4 e6 3.Nc3 Nf6 4.Nf3 Be7 5.Bf4 O-O 6.e3 c5 7.dxc5 Bxc5 8.Qc2 Nc6
9.a3 Qa5 10.O-O-O Be7 11.h4 dxc4 12.Bxc4 a6 13.Ng5 b5 14.Nce4 g6 15.Bb3 Bb7
16.Nxf6+ Bxf6 17.Ne4 Be7 18.Rd7 e5 19.Rxb7 Rac8 20.Bh6 Nb4 21.Qxc8 Rxc8+
22.Kb1 Nc6 23.Rc1 b4 24.Rxc6 Rxc6 25.Rxe7  1-0

[Event "ESP-chT"]
[Site "Cordoba"]
[Date "1995.??.??"]
[Round "6"]
[White "Gallego, Victoriano"]
[Black "San Segundo, Pablo"]
[Result "1/2-1/2"]
[WhiteElo "2355"]
[BlackElo "2520"]

1.d4 d5 2.c4 e6 3.Nf3 Nf6 4.Nc3 Be7 5.Bf4 O-O 6.e3 c5 7.dxc5 Bxc5 8.Qc2 Nc6
9.a3 Qa5 10.Rd1 Rd8 11.Nd2 dxc4 12.Nxc4 Rxd1+ 13.Qxd1 Qd8 14.Qc2 Nd5 15.Bg3 Nxc3
16.Qxc3 Qe7 17.Bd3 Bd7 18.O-O b5 19.Ne5 Nxe5 20.Qxe5 Rd8 21.Rc1 Be8 22.Rxc5 Rxd3
23.h3 f6 24.Rc7 Rd7 25.Rxd7 Qxd7 26.Qd6 e5 27.Qxd7 Bxd7 28.e4 Kf7 29.f3 Be6
30.Bf2 a6 31.Bc5 g6 32.Kf2 Bc4 33.h4 h5 34.Ke3 Ke6 35.b4 f5 36.g3  1/2-1/2

[Event "CUB-ch"]
[Site "CUB"]
[Date "1995.??.??"]
[Round "8"]
[White "Valdes, Luis E"]
[Black "Rivera, Alberto"]
[Result "0-1"]
[WhiteElo "2340"]
[BlackElo "2370"]

1.d4 Nf6 2.c4 e6 3.Nc3 d5 4.Nf3 Be7 5.Bf4 O-O 6.e3 c6 7.Qc2 Nbd7 8.O-O-O dxc4
9.Bxc4 Nb6 10.Bb3 a5 11.h4 a4 12.Nxa4 Nxa4 13.Bxa4 Nd5 14.Ng5 g6 15.Bb3 Nb4
16.Qb1 e5 17.Bxe5 Bf5 18.e4 Bg4 19.Rd2 c5 20.f3 c4 21.Bxc4 Rc8 22.b3 b5 23.fxg4 bxc4
24.bxc4 Rxc4+ 25.Kd1 Qc8 26.Nf3 Qxg4 27.Ke1 Rfc8 28.Kf2 Rc2 29.Rd1 Nd3+ 30.Kg1 Nxe5
31.Nxe5 Qxe4 32.Qb3 Qf5 33.Rd3 Qf2+  0-1

[Event "CZE-chT1c 9495"]
[Site "?"]
[Date "1995.??.??"]
[Round "3"]
[White "Jankovec, Ivan"]
[Black "Vechet, Stanislav"]
[Result "1/2-1/2"]
[WhiteElo "2275"]
[BlackElo "2255"]

1.d4 d5 2.c4 e6 3.Nc3 Be7 4.Bf4 Nf6 5.Nf3 O-O 6.e3 c5 7.dxc5 Bxc5 8.cxd5 Nxd5
9.Nxd5 exd5 10.Bd3 Qa5+ 11.Kf1 h6 12.a3 Be7 13.Be5 Nc6 14.Bc3 Qd8 15.Rc1 Bf6
16.Bb1 Re8 17.Qd3 Kf8 18.h3 Be6 19.g3 Bxc3 20.Rxc3 Qf6 21.Nd4  1/2-1/2

[Event "RUS-ch"]
[Site "Elista"]
[Date "1995.??.??"]
[Round "5"]
[White "Lugovoi, Aleksei"]
[Black "Korneev, Oleg"]
[Result "1-0"]
[WhiteElo "2490"]
[BlackElo "2605"]

1.d4 d5 2.c4 e6 3.Nf3 Nf6 4.Nc3 Be7 5.Bf4 O-O 6.e3 c5 7.dxc5 Bxc5 8.Qc2 Nc6
9.a3 Qa5 10.O-O-O Be7 11.h4 Rd8 12.g4 Bd7 13.Kb1 dxc4 14.Bxc4 Rac8 15.g5 Nh5
16.Bd6 Be8 17.Bxe7 Nxe7 18.Rxd8 Rxd8 19.Rd1 Rc8 20.Bb3 Nf5 21.Qd3 g6 22.Nd4 Nxd4
23.exd4 Bc6 24.d5 Nf4 25.Qd2  1-0

[Event "RUS-ch"]
[Site "Elista"]
[Date "1995.??.??"]
[Round "6"]
[White "Tunik, Gennady"]
[Black "Kharitonov, Andrei Y"]
[Result "0-1"]
[WhiteElo "2515"]
[BlackElo "2550"]

1.d4 Nf6 2.c4 e6 3.Nf3 d5 4.Nc3 Be7 5.Bf4 O-O 6.e3 c5 7.dxc5 Bxc5 8.cxd5 Nxd5
9.Nxd5 exd5 10.a3 Nc6 11.Bd3 Bb6 12.O-O Bg4 13.h3 Bh5 14.b4 Re8 15.Rc1 a5
16.g4 Bg6 17.Bxg6 hxg6 18.b5 Ne7 19.Be5 Qd7 20.Bd4 Bxd4 21.Nxd4 Nc8 22.Qc2 Re7
23.Qc5 Qd8 24.Rfd1 Nb6 25.Nf3 Re8 26.Qc7 Re7 27.Qxd8+ Rxd8 28.Rc5 f6 29.Rd4 Rdd7
30.Rd3 Rc7 31.Rdc3 Rxc5 32.Rxc5 Kf7 33.Nd4 Rd7 34.Rc3 Ke7 35.h4 Kd6 36.Kg2 Nc4
37.Kg3 Kc5 38.Rb3 Kb6 39.a4 Re7 40.Ne2 Kc5 41.b6 Nd6 42.Nd4 Kc4 43.Kf3 Kc5
44.Rb1 Re4 45.h5 gxh5 46.gxh5 Re5 47.Ke2 Rxh5 48.Ne6+ Kc6 49.Nxg7 Rh4 50.Ra1 Kxb6
51.Ne6 Rc4 52.Nf4 Kc6 53.Kf3 Ne4 54.Nd3 Nc5 55.Nxc5 Kxc5 56.Kg3 d4 57.exd4+ Rxd4
58.Kf3 f5 59.Ke3 f4+ 60.Kf3 b5 61.axb5 Kxb5 62.Kg4 a4 63.f3 Kb4 64.Kf5 Kb3
65.Ke5 Rb4  0-1